Tilastot visalle Saksan osavaltioiden pääkaupungit

Klikkaa tästä pelataksesi tätä visaa!

Yleistilastot

  • Tätä visaa on pelattu 282 kertaa
  • Keskiarvotulos 9 / 16

Vastaukset kartalla

Vastauksille on annettu kartalla punavihreä väri sen mukaan, kuinka moni on saanut sen oikein.
 

Vastaustilastot

OsavaltioVäkilukuPääkaupunki% Oikein
(kaupunkiosavaltio)3 375 222Berliini
99%
Baijeri1 388 308München
95%
(kaupunkiosavaltio)1 738 366Hampuri
89%
(kaupunkiosavaltio)546 451Bremen
68%
Saksi525 105Dresden
64%
Baden-Württemberg591 015Stuttgart
64%
Nordrhein-Westfalen593 682Düsseldorf
63%
Ala-Saksi509 485Hannover
58%
Schleswig-Holstein239 866Kiel
55%
Brandenburg159 456Potsdam
45%
Saarland176 996Saarbrücken
44%
Rheinland-Pfalz201 002Mainz
41%
Saksi-Anhalt228 910Magdeburg
35%
Thüringen203 485Erfurt
34%
Hessen272 636Wiesbaden
33%
Mecklenburg-Vorpommern91 264Schwerin
31%

Tulosjakauma

Persentiili vastausten määrän mukaan

Jokaisen tuloksen saaneiden osuus

Tuloshistoriasi

Et ole pelannut tätä visaa